| 000 | 00683cam a22002295a 4500 | ||
|---|---|---|---|
| 001 | 006730734 | ||
| 005 | 20171224145825.0 | ||
| 008 | 020527s2002 enka frb 001 0 eng d | ||
| 020 | _a0582432294 | ||
| 020 | _a9780582432291 | ||
| 040 |
_aDLC _cDLC _dUk _dEG-ScBUE _beng |
||
| 082 | 0 | 4 |
_a696.1 _222 _bBLO |
| 100 | 1 | _aBlower, G. J. | |
| 245 | 1 | 0 |
_aPlumbing : _bmechanical services : book 2 / _cG. J. Blower. |
| 250 | _a4th ed. | ||
| 260 |
_aHarlow : _bPearson Education Limited, _c2002. |
||
| 300 |
_avii, 379 p. : _bill. ; _c25 cm. |
||
| 504 | _aIncludes bibliographical references and index. | ||
| 650 | 7 |
_aPlumbing. _2BUEsh _923409 |
|
| 653 |
_bGGEN _cDecember2017 |
||
| 942 | _2ddc | ||
| 999 |
_c25784 _d25756 |
||